[Event "16. Obert Int. Sant Martí 2014 Grupo B"]
[Site "Barcelona ESP"]
[Date "2014.07.19"]
[Round "7.69"]
[White "Tasmin, Sultana"]
[Black "Ferrer Ache, Jesus"]
[Result "0-1"]
[WhiteElo "1320"]
[BlackElo "1728"]
[PlyCount "82"]
[EventDate "2014.07.13"]
[EventType "swiss"]
[EventRounds "9"]
[EventCountry "ESP"]
[Source "lmi"]
[SourceDate "2014.07.13"]

1. Nf3 d5 2. g3 Nf6 3. Bg2 Nc6 4. d4 Bf5 5. O-O h6 6. a3 e6 7. Nbd2 a6 8. Re1
Be7 9. h3 Bh7 10. Nb3 b6 11. Nbd2 O-O 12. b4 Na7 13. Bb2 Nb5 14. c4 Nd6 15. c5
Nde4 16. Ne5 Kh8 17. Rc1 Qe8 18. cxb6 cxb6 19. e3 b5 20. f3 Nxg3 21. Kf2 Nf5
22. Rh1 Nh4 23. Bf1 Nd7 24. f4 f6 25. Nxd7 Qxd7 26. Nf3 Nf5 27. Rg1 Nd6 28. Ke1
Nc4 29. Qb3 Be4 30. Nh4 Kh7 31. Bd3 f5 32. Ng6 Rf6 33. Bxe4 fxe4 34. Nxe7 Qxe7
35. Ke2 Rg6 36. Rg4 Rxg4 37. hxg4 Qh4 38. Re1 Qxg4+ 39. Kf1 Qf3+ 40. Kg1 Qg3+
41. Kf1 Nd2+ 0-1

[Event "16. Obert Int. Sant Martí 2014 Grupo B"]
[Site "Barcelona ESP"]
[Date "2014.07.19"]
[Round "7.70"]
[White "Marcelo, Diego Luis"]
[Black "Bes Alvarez, Alex"]
[Result "0-1"]
[WhiteElo "1706"]
[BlackElo "1734"]
[PlyCount "102"]
[EventDate "2014.07.13"]
[EventType "swiss"]
[EventRounds "9"]
[EventCountry "ESP"]
[Source "lmi"]
[SourceDate "2014.07.13"]

1. e4 c5 2. d3 d6 3. Nc3 Nf6 4. Nf3 g6 5. Be2 Bg7 6. O-O O-O 7. h3 Nc6 8. b3 e5
9. Bb2 Be6 10. Qd2 d5 11. Qc1 a6 12. Qe1 b5 13. a4 d4 14. Nb1 Nb4 15. Na3 Nc6
16. c4 b4 17. Nc2 Nh5 18. Bc1 Na5 19. Bg5 f6 20. Bh4 Nxb3 21. Rb1 Na5 22. Nxe5
Nf4 23. Nf3 Nxe2+ 24. Qxe2 Rb8 25. Nd2 Rb6 26. Nb3 Nxb3 27. Rxb3 a5 28. Ne1 Bd7
29. Qa2 Qe8 30. Rb1 Bxa4 31. Nc2 f5 32. exf5 Rxf5 33. Na3 Re5 34. Nb5 Bxb5 35.
cxb5+ Kh8 36. f3 Rxb5 37. Rfe1 Rxe1+ 38. Rxe1 Qg8 39. Qxg8+ Kxg8 40. Kf2 b3 41.
Rb1 a4 42. Bg5 a3 43. Bc1 a2 44. Ra1 b2 45. Bxb2 Rxb2+ 46. Ke1 Rb1+ 47. Rxb1
axb1=Q+ 48. Kd2 Bh6+ 49. Ke2 Be3 50. g4 Qc2+ 51. Kf1 Qf2# 0-1

[Event "16. Obert Int. Sant Martí 2014 Grupo B"]
[Site "Barcelona ESP"]
[Date "2014.07.19"]
[Round "7.71"]
[White "Perez Ramirez, Placido"]
[Black "Pozanco Villalba, Victor"]
[Result "0-1"]
[WhiteElo "1800"]
[BlackElo "1700"]
[PlyCount "88"]
[EventDate "2014.07.13"]
[EventType "swiss"]
[EventRounds "9"]
[EventCountry "ESP"]
[Source "lmi"]
[SourceDate "2014.07.13"]

1. e4 d6 2. d4 g6 3. Nf3 Bg7 4. Nc3 Bg4 5. Be3 Nc6 6. Bc4 e6 7. O-O Bh6 8. h3
Bxf3 9. Qxf3 Qe7 10. Rfe1 O-O-O 11. a3 a6 12. b4 b5 13. Bd3 Na7 14. e5 d5 15.
a4 c6 16. axb5 axb5 17. Ra3 Bxe3 18. fxe3 Rd7 19. Rb1 Rb7 20. e4 Qd7 21. exd5
cxd5 22. Rba1 Nh6 23. Qe2 Nf5 24. Kh2 Nxd4 25. Qf2 Ndc6 26. Qc5 Kb8 27. Nxb5
Qe7 28. Nd6 Nxe5 29. Rxa7 Rxa7 30. Qb6+ Ka8 31. Rxa7+ Qxa7 32. Qb5 Nxd3 33.
Qxd3 Qa1 34. Qb5 Qe5+ 35. g3 Qxd6 36. Qa5+ Kb7 37. b5 Qb6 38. Qc3 Ra8 39. Qf6
Qc7 40. c3 Ra2+ 41. Kg1 Qc5+ 42. Kh1 Ra1+ 43. Kg2 Qg1+ 44. Kf3 Rf1+ 0-1

[Event "16. Obert Int. Sant Martí 2014 Grupo B"]
[Site "Barcelona ESP"]
[Date "2014.07.19"]
[Round "7.72"]
[White "Marabajan Navas, Saul"]
[Black "Tordera Jumilla, Joaquim"]
[Result "1-0"]
[WhiteElo "1723"]
[BlackElo "1700"]
[PlyCount "119"]
[EventDate "2014.07.13"]
[EventType "swiss"]
[EventRounds "9"]
[EventCountry "ESP"]
[Source "lmi"]
[SourceDate "2014.07.13"]

1. e4 e5 2. Nf3 f6 3. Nc3 Bb4 4. a3 Bxc3 5. bxc3 d6 6. Bb5+ Nc6 7. O-O Bd7 8.
Bxc6 Bxc6 9. d3 Qd7 10. c4 Ne7 11. Be3 b6 12. Qd2 O-O 13. Rae1 a5 14. h3 f5 15.
Nh2 fxe4 16. dxe4 Bxe4 17. f3 Bc6 18. Ng4 Rf7 19. Bh6 Nf5 20. Qg5 Kh8 21. Rf2
Rg8 22. Qh5 gxh6 23. Ref1 Ng3 24. Qxh6 Nxf1 25. Rxf1 Qe7 26. Qh5 Bd7 27. Nh6
Be8 28. Nxf7+ Bxf7 29. Qf5 Qe6 30. Qd3 Qe7 31. f4 e4 32. Qd4+ Rg7 33. g4 h5 34.
Re1 hxg4 35. Kh2 g3+ 36. Kg2 Kh7 37. Rxe4 Qh4 38. f5 Qg5 39. Rg4 Bd5+ 40. Kxg3
Qe7 41. Qxd5 Qe1+ 42. Kf4 Rxg4+ 43. hxg4 Qf2+ 44. Qf3 Qd4+ 45. Qe4 Qe5+ 46.
Qxe5 dxe5+ 47. Kxe5 Kg7 48. f6+ Kf7 49. g5 c6 50. g6+ Kf8 51. Ke6 c5 52. g7+
Kg8 53. f7+ Kxg7 54. Ke7 Kh7 55. f8=Q b5 56. cxb5 a4 57. Qf5+ Kh8 58. Qf8+ Kh7
59. Kf7 c4 60. Qg7# 1-0

[Event "16. Obert Int. Sant Martí 2014 Grupo B"]
[Site "Barcelona ESP"]
[Date "2014.07.19"]
[Round "7.73"]
[White "Trabado Nieto, David"]
[Black "Jimenez Rimblas, Raul"]
[Result "0-1"]
[WhiteElo "1700"]
[BlackElo "1706"]
[PlyCount "80"]
[EventDate "2014.07.13"]
[EventType "swiss"]
[EventRounds "9"]
[EventCountry "ESP"]
[Source "lmi"]
[SourceDate "2014.07.13"]

1. d4 d5 2. c4 dxc4 3. e4 Nf6 4. Nc3 Nc6 5. Nf3 Bg4 6. Be2 Bxf3 7. Be3 Bxg2 8.
Rg1 Bxe4 9. Nxe4 Nxe4 10. d5 Nb4 11. Qa4+ Qd7 12. Qxd7+ Kxd7 13. Bg4+ e6 14.
dxe6+ fxe6 15. O-O-O+ Nd6 16. a3 Nd3+ 17. Kc2 Rd8 18. Bd4 Kc8 19. Bxe6+ Kb8 20.
Rg5 Ne4 21. Rd5 Rxd5 22. Bxd5 Nexf2 23. Bxf2 Nxf2 24. Rd2 Bc5 25. Bxc4 a6 26.
b4 Bb6 27. Rd7 g5 28. a4 Ng4 29. b5 Ne5 30. Re7 Nxc4 31. bxa6 bxa6 32. Rf7 Ne3+
33. Kd3 Rd8+ 34. Ke4 h5 35. Kf3 Ng4 36. Kg3 Rd3+ 37. Kg2 Rd2+ 38. Kf1 Ne3+ 39.
Ke1 Rxh2 40. a5 Bxa5# 0-1

[Event "16. Obert Int. Sant Martí 2014 Grupo B"]
[Site "Barcelona ESP"]
[Date "2014.07.19"]
[Round "7.74"]
[White "Martimpé Burgués, Xavier"]
[Black "Avila Lopez, Joan"]
[Result "1-0"]
[WhiteElo "1700"]
[BlackElo "1704"]
[PlyCount "91"]
[EventDate "2014.07.13"]
[EventType "swiss"]
[EventRounds "9"]
[EventCountry "ESP"]
[Source "lmi"]
[SourceDate "2014.07.13"]

1. e4 e5 2. Nf3 Nc6 3. Bb5 a6 4. Bxc6 dxc6 5. Nxe5 Qd4 6. Nf3 Qxe4+ 7. Kf1 Bd6
8. Qe1 Qxe1+ 9. Kxe1 Nf6 10. d3 O-O 11. h3 b6 12. Bg5 Be7 13. Nbd2 Bb7 14. Kd1
h6 15. Bf4 Nd5 16. Be3 Nxe3+ 17. fxe3 c5 18. e4 Rfe8 19. Nc4 Bf6 20. c3 Rad8
21. Kc2 Bxe4 22. dxe4 Rxe4 23. Ncd2 Re2 24. g4 Bg5 25. Rad1 Bf4 26. Rhe1 Rf2
27. Rf1 Re2 28. Rfe1 Rg2 29. Rg1 Rf2 30. Rgf1 Be3 31. Rxf2 Bxf2 32. Ne4 Rxd1
33. Kxd1 Be3 34. Ne5 g5 35. Ke2 Bc1 36. b3 Bb2 37. Kd3 Kg7 38. Kc2 Ba3 39. Nc4
f5 40. gxf5 h5 41. Nxa3 g4 42. hxg4 h4 43. Nf2 a5 44. Kd2 c6 45. Nc4 b5 46.
Nxa5 1-0

[Event "16. Obert Int. Sant Martí 2014 Grupo B"]
[Site "Barcelona ESP"]
[Date "2014.07.20"]
[Round "8.1"]
[White "Romero Funieles, Rafael De Jesus"]
[Black "Hinarejos Montano, Andres"]
[Result "0-1"]
[WhiteElo "1939"]
[BlackElo "1837"]
[PlyCount "130"]
[EventDate "2014.07.13"]
[EventType "swiss"]
[EventRounds "9"]
[EventCountry "ESP"]
[Source "lmi"]
[SourceDate "2014.07.13"]

1. e4 e5 2. c3 Nf6 3. d3 h6 4. Nf3 d6 5. h3 Be7 6. Nbd2 O-O 7. Be2 Be6 8. d4
exd4 9. cxd4 c6 10. O-O d5 11. e5 Nh7 12. Bd3 f5 13. exf6 Bxf6 14. Nb3 Nd7 15.
Bc2 Ng5 16. Bxg5 Bxg5 17. Ne5 Nxe5 18. dxe5 Bf5 19. Nd4 Bxc2 20. Qxc2 Qd7 21.
Rae1 Rae8 22. e6 Qd6 23. Re2 Qf4 24. Qd3 Be7 25. Qd2 Qxd2 26. Rxd2 Bc5 27. Nb3
Bd6 28. Re2 Rf6 29. Na5 Re7 30. a3 Rfxe6 31. Rxe6 Rxe6 32. Nxb7 Be7 33. Rc1 d4
34. Na5 c5 35. Nb3 Re5 36. Kf1 Kf7 37. Re1 Ke6 38. Rxe5+ Kxe5 39. Ke2 c4 40.
Na5 Kd5 41. b3 cxb3 42. Nxb3 Bxa3 43. Kd3 Bb2 44. f3 Bc3 45. g4 a5 46. Nc1 a4
47. f4 Bb2 48. Na2 Bc3 49. h4 Be1 50. h5 Bg3 51. Nb4+ Kc5 52. Nc2 Bxf4 53. Nxd4
Kd5 54. Nf5 Be5 55. Ne3+ Ke6 56. Kc2 a3 57. Kb3 Bb2 58. Nc4 Kf6 59. Nd2 Kg5 60.
Ne4+ Kxg4 61. Nd6 Kxh5 62. Ne4 g5 63. Ng3+ Kg4 64. Ne4 Kf4 65. Nf2 Kf3 0-1

[Event "16. Obert Int. Sant Martí 2014 Grupo B"]
[Site "Barcelona ESP"]
[Date "2014.07.20"]
[Round "8.2"]
[White "Flores Mendoza, Jose Antonio"]
[Black "Cardenas, Fernando Adrian"]
[Result "1-0"]
[WhiteElo "1905"]
[BlackElo "2060"]
[PlyCount "49"]
[EventDate "2014.07.13"]
[EventType "swiss"]
[EventRounds "9"]
[EventCountry "ESP"]
[Source "lmi"]
[SourceDate "2014.07.13"]

1. d4 Nf6 2. Nf3 g6 3. g3 Bg7 4. Bg2 O-O 5. O-O d6 6. Re1 Nbd7 7. e4 e5 8. c3
c6 9. b3 Re8 10. Nbd2 a5 11. Nc4 Nxe4 12. Rxe4 d5 13. Rxe5 dxc4 14. Rxe8+ Qxe8
15. bxc4 a4 16. Rb1 Qe7 17. c5 Nf6 18. Bg5 h6 19. Bxf6 Bxf6 20. Rb4 a3 21. Bf1
Bg4 22. Bc4 Rd8 23. Kg2 Qe4 24. Qd3 Qe7 25. Qxg6+ 1-0

[Event "16. Obert Int. Sant Martí 2014 Grupo B"]
[Site "Barcelona ESP"]
[Date "2014.07.20"]
[Round "8.3"]
[White "Navarro Gutierrez, Andres Camilo"]
[Black "Minguell Soler, Joan"]
[Result "0-1"]
[WhiteElo "2078"]
[BlackElo "2046"]
[PlyCount "72"]
[EventDate "2014.07.13"]
[EventType "swiss"]
[EventRounds "9"]
[EventCountry "ESP"]
[Source "lmi"]
[SourceDate "2014.07.13"]

1. d4 Nf6 2. c4 g6 3. Bd2 Bg7 4. Nc3 d5 5. cxd5 Nxd5 6. e4 Nxc3 7. Bxc3 Nd7 8.
Bc4 Nf6 9. Qf3 c6 10. Ne2 O-O 11. h3 b5 12. Bb3 a5 13. a3 Qb6 14. Nf4 b4 15.
axb4 axb4 16. Rxa8 bxc3 17. Qxc3 Nxe4 18. Qd3 Qb4+ 19. Ke2 Nd6 20. Ra4 Qb6 21.
Rd1 Bf5 22. Qa6 Qxb3 23. Ra3 Qxb2+ 24. Rd2 Qb4 25. Ra4 Qb8 26. Qxc6 Ne4 27. Nd5
Nxd2 28. Nxe7+ Kh8 29. Nxf5 gxf5 30. Kxd2 Qf4+ 31. Ke2 Bxd4 32. Qf3 Re8+ 33.
Kd3 Qxf3+ 34. gxf3 Bxf2 35. Rf4 Re5 36. Kd2 Be3+ 0-1

[Event "16. Obert Int. Sant Martí 2014 Grupo B"]
[Site "Barcelona ESP"]
[Date "2014.07.20"]
[Round "8.4"]
[White "Fabregas Fontanet, Antoni"]
[Black "Perez Garcia, Adria"]
[Result "0-1"]
[WhiteElo "2051"]
[BlackElo "1979"]
[PlyCount "68"]
[EventDate "2014.07.13"]
[EventType "swiss"]
[EventRounds "9"]
[EventCountry "ESP"]
[Source "lmi"]
[SourceDate "2014.07.13"]

1. e4 c6 2. d4 d5 3. Nc3 dxe4 4. Nxe4 Bf5 5. Ng3 Bg6 6. Bc4 e6 7. N1e2 Bd6 8.
Bf4 Nf6 9. Qd2 Nd5 10. O-O O-O 11. Bxd6 Qxd6 12. f4 Nb6 13. Bb3 c5 14. c3 Bf5
15. Nxf5 exf5 16. Rad1 cxd4 17. Nxd4 Qc5 18. Kh1 g6 19. Qf2 Nc6 20. Qh4 Nxd4
21. Rxd4 Kg7 22. Rfd1 Rae8 23. Rd6 Qe3 24. h3 Qe7 25. Qf2 Qe3 26. Kg1 Qxf2+ 27.
Kxf2 Re4 28. g3 Rfe8 29. R1d2 Re1 30. Bd1 Nc4 31. Bf3 Nxd2 32. Rxd2 R1e7 33. a4
b6 34. b4 Rc8 0-1

[Event "16. Obert Int. Sant Martí 2014 Grupo B"]
[Site "Barcelona ESP"]
[Date "2014.07.20"]
[Round "8.5"]
[White "Tadevosyan, Galust"]
[Black "Liarte Genoves, Sergi"]
[Result "1-0"]
[WhiteElo "1843"]
[BlackElo "2051"]
[PlyCount "99"]
[EventDate "2014.07.13"]
[EventType "swiss"]
[EventRounds "9"]
[EventCountry "ESP"]
[Source "lmi"]
[SourceDate "2014.07.13"]

1. e4 c5 2. Nf3 d6 3. Nc3 Nf6 4. d4 cxd4 5. Nxd4 a6 6. h3 e6 7. Be3 Be7 8. g4
Nc6 9. Bg2 Qc7 10. Qe2 Nd7 11. O-O-O Bf6 12. f4 Nb6 13. g5 Bxd4 14. Bxd4 Nxd4
15. Rxd4 e5 16. Nd5 Nxd5 17. exd5 f6 18. Rf1 Qe7 19. gxf6 gxf6 20. fxe5 dxe5
21. d6 Qf7 22. Rd3 O-O 23. Bd5 Be6 24. Bxe6 Qxe6 25. Qg2+ Kh8 26. Qxb7 e4 27.
Rc3 Rfb8 28. Qe7 Qxe7 29. dxe7 Rb7 30. Rxf6 Rxe7 31. Kd2 Rd8+ 32. Ke2 Rg8 33.
Re3 Rg2+ 34. Rf2 Rg1 35. Rf4 Rg2+ 36. Rf2 Rg1 37. b3 Ra1 38. a4 Rc7 39. Kd2 Rh1
40. c4 a5 41. Rf5 Rd7+ 42. Rd5 Ra7 43. Kc3 Rc1+ 44. Kd4 Rh1 45. Kxe4 Kg7 46.
Kd4 h6 47. Kc5 Ra6 48. Kb5 Ra8 49. c5 Rg1 50. c6 1-0

[Event "16. Obert Int. Sant Martí 2014 Grupo B"]
[Site "Barcelona ESP"]
[Date "2014.07.20"]
[Round "8.6"]
[White "Albert Cristobal, Jorge"]
[Black "Volart Buil, Jordi"]
[Result "1/2-1/2"]
[WhiteElo "1993"]
[BlackElo "1943"]
[PlyCount "102"]
[EventDate "2014.07.13"]
[EventType "swiss"]
[EventRounds "9"]
[EventCountry "ESP"]
[Source "lmi"]
[SourceDate "2014.07.13"]

1. e4 c5 2. d4 cxd4 3. c3 dxc3 4. Nxc3 b6 5. Bc4 e6 6. Nf3 Bb7 7. O-O Qc7 8.
Qe2 a6 9. Nd5 Qd8 10. Re1 Nf6 11. Bg5 h6 12. Bh4 g5 13. Bg3 d6 14. Nd4 Nbd7 15.
Rac1 Rc8 16. Nxf6+ Nxf6 17. e5 Ne4 18. Qh5 Nxg3 19. hxg3 dxe5 20. Nxe6 Qe7 21.
Bd5 Rxc1 22. Rxc1 Bxd5 23. Rc8+ Kd7 24. Rc7+ Kxe6 25. Qg4+ f5 26. Rxe7+ Kxe7
27. Qxf5 Rg8 28. Qxe5+ Be6 29. Qc7+ Kf6 30. Qxb6 Be7 31. Qxa6 Rb8 32. b3 Kf7
33. Qa7 Rb4 34. Qe3 Rb5 35. Qf3+ Rf5 36. Qh5+ Kg7 37. Qe8 Rf7 38. Qb5 Bf6 39.
Qb4 Bd5 40. Qd2 Bc6 41. Qe3 Bd5 42. a4 Rb7 43. Qc5 Bxb3 44. a5 Be6 45. a6 Rb1+
46. Kh2 Ra1 47. a7 Bf7 48. Qb6 Ra4 49. Qb7 Bd4 50. a8=Q Rxa8 51. Qxa8 Bxf2
1/2-1/2

[Event "16. Obert Int. Sant Martí 2014 Grupo B"]
[Site "Barcelona ESP"]
[Date "2014.07.20"]
[Round "8.7"]
[White "Barragan Hernandez, Manel"]
[Black "Minhaz, Rashed"]
[Result "1-0"]
[WhiteElo "1990"]
[BlackElo "2086"]
[PlyCount "111"]
[EventDate "2014.07.13"]
[EventType "swiss"]
[EventRounds "9"]
[EventCountry "ESP"]
[Source "lmi"]
[SourceDate "2014.07.13"]

1. e4 e5 2. d4 exd4 3. Qxd4 Nc6 4. Qe3 d6 5. Nc3 Nf6 6. Bd2 g6 7. O-O-O Bg7 8.
f4 Qe7 9. Nf3 Bd7 10. Nb5 Bg4 11. Bc3 a6 12. Nbd4 Nd5 13. Nxc6 Nxe3 14. Nxe7
Bxc3 15. Rd3 Bg7 16. Nxg6 hxg6 17. Rxe3 Bh6 18. g3 Bxf3 19. Rxf3 g5 20. Bc4 f6
21. h4 gxf4 22. gxf4 O-O-O 23. Be6+ Kb8 24. Kb1 Rde8 25. f5 Re7 26. Rb3 c6 27.
Rf1 Rg7 28. Rd3 Rg4 29. Rxd6 Rxe4 30. Rfd1 Rxh4 31. a3 Bg5 32. Rd8+ Rxd8 33.
Rxd8+ Kc7 34. Rd7+ Kb6 35. Rf7 Rh8 36. c4 Rb8 37. b4 a5 38. Kc2 c5 39. b5 Rh8
40. Bd5 Rb8 41. Kb3 Bh4 42. Ka4 Bg5 43. Re7 Bh4 44. Re6+ Kc7 45. b6+ Kd7 46.
Kb5 Bg5 47. Kxc5 Bc1 48. Rxf6 Bxa3+ 49. Kb5 Be7 50. Rf7 Kd6 51. f6 Bd8 52. Rxb7
Rxb7 53. Bxb7 Bxf6 54. c5+ Kd7 55. c6+ Kd6 56. c7 1-0

[Event "16. Obert Int. Sant Martí 2014 Grupo B"]
[Site "Barcelona ESP"]
[Date "2014.07.20"]
[Round "8.8"]
[White "Fuertes Buisac, Bernat"]
[Black "Torras Chicon, Adria"]
[Result "0-1"]
[WhiteElo "2082"]
[BlackElo "1996"]
[PlyCount "84"]
[EventDate "2014.07.13"]
[EventType "swiss"]
[EventRounds "9"]
[EventCountry "ESP"]
[Source "lmi"]
[SourceDate "2014.07.13"]

1. c4 e5 2. g3 Nf6 3. Bg2 Nc6 4. Nf3 d5 5. cxd5 Nxd5 6. Nc3 Be6 7. O-O Be7 8.
d4 exd4 9. Nxd4 Nxd4 10. Qxd4 Bf6 11. Qa4+ c6 12. Nxd5 Bxd5 13. Rd1 b5 14. Qc2
Qc8 15. Bxd5 cxd5 16. Qxc8+ Rxc8 17. Rxd5 a6 18. Rd6 Ke7 19. Rxa6 Rhd8 20. Be3
Bxb2 21. Rb1 Rc2 22. Bc5+ Ke8 23. e4 Rc8 24. Be3 b4 25. Rd1 Ba3 26. Rd4 Rd8 27.
Rxd8+ Kxd8 28. Ra7 Ke8 29. Ra8+ Ke7 30. Ra7+ Ke6 31. f4 Rxa2 32. Bc5 Rc2 33.
Bf8 Rc4 34. Re7+ Kf6 35. e5+ Kg6 36. e6 b3 37. Rxf7 Bxf8 38. Rxf8 b2 39. e7
b1=Q+ 40. Kf2 Qb6+ 41. Kf1 Rc1+ 42. Kg2 Qb7+ 0-1

[Event "16. Obert Int. Sant Martí 2014 Grupo B"]
[Site "Barcelona ESP"]
[Date "2014.07.20"]
[Round "8.9"]
[White "Carrey Abellan, Enric"]
[Black "Aprea, Daniele"]
[Result "1-0"]
[WhiteElo "1991"]
[BlackElo "2077"]
[PlyCount "57"]
[EventDate "2014.07.13"]
[EventType "swiss"]
[EventRounds "9"]
[EventCountry "ESP"]
[Source "lmi"]
[SourceDate "2014.07.13"]

1. d4 e6 2. Nf3 f5 3. g3 Nf6 4. Bg2 Be7 5. c4 d6 6. Nc3 O-O 7. O-O a5 8. Re1
Ne4 9. Qc2 Nxc3 10. Qxc3 Bf6 11. e4 c5 12. exf5 Nc6 13. Be3 exf5 14. Qd2 cxd4
15. Nxd4 Ne5 16. Rad1 Kh8 17. b3 Ra6 18. Nb5 Be7 19. Bf4 Nf7 20. Bd5 Ng5 21.
Qe2 Nh3+ 22. Kf1 Nxf4 23. Qxe7 Ng6 24. Qxd8 Rxd8 25. f4 Nf8 26. Re7 b6 27. Rde1
g6 28. Re8 Rxe8 29. Rxe8 1-0

[Event "16. Obert Int. Sant Martí 2014 Grupo B"]
[Site "Barcelona ESP"]
[Date "2014.07.20"]
[Round "8.10"]
[White "Garcia Espelta, Josep"]
[Black "Torrents Señal, Marc"]
[Result "1-0"]
[WhiteElo "2072"]
[BlackElo "1991"]
[PlyCount "69"]
[EventDate "2014.07.13"]
[EventType "swiss"]
[EventRounds "9"]
[EventCountry "ESP"]
[Source "lmi"]
[SourceDate "2014.07.13"]

1. e4 d5 2. exd5 Qxd5 3. Nf3 Nf6 4. d4 c6 5. Be2 Bf5 6. O-O e6 7. c4 Qd8 8. Nc3
Be7 9. Bf4 O-O 10. Qb3 Qb6 11. Qxb6 axb6 12. a3 c5 13. d5 exd5 14. cxd5 Ne4 15.
Nxe4 Bxe4 16. Bc4 Bf5 17. Rfe1 Bf6 18. Re2 Bd7 19. Ne5 Bxe5 20. Rxe5 b5 21. Be2
f6 22. Re7 Re8 23. Rxe8+ Bxe8 24. Re1 Na6 25. Bf3 c4 26. d6 Nc5 27. Re7 Nd3 28.
Bxb7 Rd8 29. Bg3 Nxb2 30. Kf1 Kf8 31. Rc7 Rd7 32. Bc6 Rd8 33. d7 Bg6 34. Bd6+
Kf7 35. Bd5# 1-0

[Event "16. Obert Int. Sant Martí 2014 Grupo B"]
[Site "Barcelona ESP"]
[Date "2014.07.20"]
[Round "8.11"]
[White "Dougas Chavarria, Nestor"]
[Black "Perez Garcia, Jose Miguel"]
[Result "1/2-1/2"]
[WhiteElo "2050"]
[BlackElo "1945"]
[PlyCount "112"]
[EventDate "2014.07.13"]
[EventType "swiss"]
[EventRounds "9"]
[EventCountry "ESP"]
[Source "lmi"]
[SourceDate "2014.07.13"]

1. e4 c5 2. Nf3 e6 3. d4 cxd4 4. Nxd4 a6 5. Nc3 Qc7 6. Be3 Bb4 7. Qd2 Nf6 8. f3
d5 9. exd5 Nxd5 10. Nde2 O-O 11. O-O-O Nxe3 12. Qxe3 Nc6 13. Kb1 b5 14. Nd4
Nxd4 15. Qxd4 Bxc3 16. Qxc3 Qxc3 17. bxc3 e5 18. c4 Be6 19. cxb5 axb5 20. Bd3
Bxa2+ 21. Kb2 Be6 22. Ra1 b4 23. Rhe1 Rxa1 24. Rxa1 Rd8 25. Ra4 b3 26. cxb3
Bxb3 27. Bxh7+ Kxh7 28. Kxb3 Rd2 29. Ra2 Rd7 30. Kc3 Kg6 31. Rd2 Rc7+ 32. Kd3
f5 33. Ke3 Rc6 34. g3 Kf6 35. h4 g6 36. Ra2 Rc3+ 37. Ke2 e4 38. Ra6+ Kf7 39.
fxe4 Rxg3 40. exf5 gxf5 41. h5 Rh3 42. h6 Kg8 43. Kf2 Kh7 44. Kg2 Rxh6 45.
Rxh6+ Kxh6 46. Kg3 Kg5 47. Kf3 f4 48. Kf2 Kg4 49. Kg2 f3+ 50. Kf2 Kf4 51. Kf1
Kg4 52. Kf2 Kf4 53. Kf1 Ke3 54. Ke1 Kf4 55. Kf2 Ke4 56. Kf1 Ke3 1/2-1/2

[Event "16. Obert Int. Sant Martí 2014 Grupo B"]
[Site "Barcelona ESP"]
[Date "2014.07.20"]
[Round "8.12"]
[White "Ferres Saez, Joan"]
[Black "Garcia Ruiz, Adrian"]
[Result "0-1"]
[WhiteElo "1965"]
[BlackElo "2023"]
[PlyCount "112"]
[EventDate "2014.07.13"]
[EventType "swiss"]
[EventRounds "9"]
[EventCountry "ESP"]
[Source "lmi"]
[SourceDate "2014.07.13"]

1. e4 e6 2. d3 d5 3. Nd2 Nf6 4. Ngf3 c5 5. g3 Nc6 6. Bg2 Be7 7. O-O O-O 8. Re1
b5 9. e5 Nd7 10. Nf1 a5 11. h4 b4 12. N1h2 a4 13. Bf4 a3 14. b3 Ba6 15. Ng5 h6
16. Ngf3 Rc8 17. Ng4 h5 18. Ngh2 g6 19. Ng5 Nd4 20. g4 hxg4 21. Nxg4 Nf5 22.
Nf3 Nxh4 23. Nxh4 Bxh4 24. Bh6 Re8 25. Re3 Be7 26. Rh3 Bf8 27. Bf4 Bg7 28. Qf3
Qe7 29. Qg3 c4 30. Nh6+ Kf8 31. d4 cxb3 32. Bg5 f6 33. exf6 Bxf6 34. Bf4 Kg7
35. cxb3 Bxd4 36. Rd1 Rc3 37. Qh2 Rxh3 38. Qxh3 Qf6 39. Qg3 Rf8 40. Rxd4 Qxd4
41. Be3 Qa1+ 42. Kh2 Qe5 43. f4 Qh5+ 44. Kg1 Qxh6 45. f5 Qh5 46. Qd6 Qd1+ 47.
Kh2 Rh8+ 48. Kg3 Qe1+ 49. Bf2 Qc3+ 50. Bf3 Qe5+ 51. Qxe5+ Nxe5 52. Bd4 Kf6 53.
fxg6 Kf5 54. Bg4+ Ke4 55. g7 Rg8 56. Bxe6 Rxg7+ 0-1

[Event "16. Obert Int. Sant Martí 2014 Grupo B"]
[Site "Barcelona ESP"]
[Date "2014.07.20"]
[Round "8.13"]
[White "Rodriguez Llorens, Jorge"]
[Black "Baltasar Diaz, Vicente"]
[Result "1-0"]
[WhiteElo "2059"]
[BlackElo "1932"]
[PlyCount "97"]
[EventDate "2014.07.13"]
[EventType "swiss"]
[EventRounds "9"]
[EventCountry "ESP"]
[Source "lmi"]
[SourceDate "2014.07.13"]

1. e4 e6 2. d4 d5 3. Nd2 Nf6 4. e5 Nfd7 5. Bd3 c5 6. c3 Nc6 7. Ngf3 Qb6 8. O-O
cxd4 9. cxd4 Nxd4 10. Nxd4 Qxd4 11. Nf3 Qb6 12. Qa4 Qc6 13. Qg4 Nc5 14. Bb1 Qa4
15. Nd4 Nd7 16. b3 Qb4 17. Qf4 Qc3 18. Bd2 Qxa1 19. Nxe6 Qxe5 20. Nc7+ Kd8 21.
Nxa8 Qxf4 22. Bxf4 g5 23. Bc7+ Ke7 24. Re1+ Kf6 25. Ba5 Bd6 26. Nc7 d4 27. Ne8+
Rxe8 28. Rxe8 b6 29. Rxc8 bxa5 30. Bxh7 Ne5 31. Kf1 d3 32. Rd8 Ke7 33. Ra8 Bc5
34. Ke1 Bb4+ 35. Kd1 Ng4 36. Rxa7+ Kf6 37. Bxd3 Nxf2+ 38. Ke2 Ng4 39. Ra6+ Ke5
40. a3 Bc3 41. b4 axb4 42. axb4 Nf6 43. b5 Nd7 44. b6 Bb4 45. b7 Bd6 46. Ra5+
Ke6 47. Bf5+ Ke7 48. Bxd7 Kxd7 49. Ra8 1-0

[Event "16. Obert Int. Sant Martí 2014 Grupo B"]
[Site "Barcelona ESP"]
[Date "2014.07.20"]
[Round "8.14"]
[White "Corominas Garrido, Jordi"]
[Black "Roche Peris, Eduard"]
[Result "1/2-1/2"]
[WhiteElo "2077"]
[BlackElo "1925"]
[PlyCount "94"]
[EventDate "2014.07.13"]
[EventType "swiss"]
[EventRounds "9"]
[EventCountry "ESP"]
[Source "lmi"]
[SourceDate "2014.07.13"]

1. c4 Nf6 2. Nc3 g6 3. g3 Bg7 4. Bg2 O-O 5. Nf3 c5 6. d4 cxd4 7. Nxd4 Nc6 8.
O-O a6 9. e3 Rb8 10. Rb1 Qc7 11. Qe2 b6 12. Rd1 Bb7 13. Nf3 Ne5 14. b3 Nxf3+
15. Bxf3 Bxf3 16. Qxf3 Qc6 17. e4 d6 18. Bg5 Rfe8 19. Nd5 Nxd5 20. cxd5 Qd7 21.
Rbc1 Rbc8 22. a4 b5 23. axb5 axb5 24. Qe2 h6 25. Be3 Kh7 26. Qd3 Bb2 27. Rc2
Rxc2 28. Qxc2 Ba3 29. Qd2 g5 30. Kg2 Bc5 31. Bxc5 dxc5 32. Qd3 Kg7 33. Qc3+ f6
34. Qxc5 Rc8 35. Qd4 h5 36. h3 Rc2 37. Rd3 Qc7 38. Qb4 Qc5 39. Qxc5 Rxc5 40.
Kf3 Kf7 41. Ke3 Ke8 42. Kd4 Rc2 43. Rf3 Kd7 44. Rc3 Rxf2 45. Kc5 Re2 46. Kxb5
Rxe4 47. Kc5 f5 1/2-1/2

[Event "16. Obert Int. Sant Martí 2014 Grupo B"]
[Site "Barcelona ESP"]
[Date "2014.07.20"]
[Round "8.15"]
[White "Ramos Alvarez, Maximo"]
[Black "Riera Danes, Manel"]
[Result "1-0"]
[WhiteElo "2001"]
[BlackElo "2048"]
[PlyCount "37"]
[EventDate "2014.07.13"]
[EventType "swiss"]
[EventRounds "9"]
[EventCountry "ESP"]
[Source "lmi"]
[SourceDate "2014.07.13"]

1. e4 c5 2. Nc3 Nc6 3. f4 d6 4. Nf3 g6 5. Bc4 e6 6. f5 gxf5 7. d3 Be7 8. O-O
Nf6 9. exf5 O-O 10. Bh6 Re8 11. Qe1 Bf8 12. Qg3+ Kh8 13. Ng5 Qe7 14. Bxf8 Rxf8
15. Qh4 d5 16. Bxd5 Rg8 17. Bxc6 bxc6 18. fxe6 Rg7 19. Nxf7+ 1-0